ITZY Songs - Statistics

General Stats
  • This quiz has been taken 2,752 times
    60 since last reset
  • The average score is 31 of 79
Answer Stats
Answers % Correct
ICY
97%
WANNABE
92%
달라달라 (DALLA DALLA)
89%
달라달라 (DALLA DALLA) (Dallask Remix)
89%
LOCO
89%
마.피.아. In the Morning
86%
Not Shy
83%
SNEAKERS
83%
CAKE
78%
Cheshire
69%
Girls Will Be Girls
61%
GOLD
61%
TUNNEL VISION
58%
Imaginary Friend
56%
UNTOUCHABLE
53%
BORN TO BE
50%
SHOOT!
50%
TING TING TING
50%
CHERRY
47%
None of My Business
47%
iD
44%
RAC3R
44%
SWIPE
44%
THAT'S A NO NO
44%
IT'z SUMMER
42%
Kill Shot
42%
Mr. Vampire
42%
SURF
42%
TENNIS (0:0)
42%
WANT IT?
42%
WANT IT? (Imad Royal Remix)
42%
Be In Love
39%
Boys Like You
39%
Escalator
39%
I DON'T WANNA DANCE
39%
LOVE is
39%
365
36%
B[OO]M-BOXX
36%
Freaky
36%
Snowy
36%
Yet, but
36%
24HRS
33%
Crown On My Head
33%
Mirror
33%
Run Away
33%
Sorry Not Sorry
33%
Trust Me (MIDZY / 믿지)
33%
#Twenty
33%
BET ON ME
31%
Blossom
31%
DOMINO
31%
Free Fall
31%
Mine
31%
Wild Wild West
31%
Don't Give A What
28%
NOBODY LIKE YOU
28%
VAY (feat. Changbin)
28%
Bratty (나쁜 에)
25%
Chillin' Chillin'
25%
Dynamite
25%
KIDDING ME
25%
Psychic Lover
25%
YOU MAKE ME
25%
Gas Me Up
22%
Louder
22%
8-BIT HEART
19%
FIVE
19%
Sooo LUCKY
19%
WHAT I WANT
19%
DYT
17%
Kiss & Tell
17%
Nocturne
17%
Supernatural
17%
Bad Girls R Us
14%
Focus
14%
Walk
14%
Flicker
11%
Locked N Loaded
11%
Promise
11%
No matching quizzes found
Score Distribution
Percent of People with Each Score
Percentile by Number Answered
Your Score History
You have not taken this quiz since the last reset